| 000 | 00389nam a2200157Ia 4500 | ||
|---|---|---|---|
| 008 | 230312s9999||||xx |||||||||||||| ||und|| | ||
| 020 | _a0-7674-2727-0 | ||
| 082 |
_a970.005 _bSHA-A |
||
| 100 | _aSharer Robert , J. | ||
| 245 | 0 | _aARCHAEOLOGY | |
| 260 |
_bMcGraw Hill _aNew York _c1987 |
||
| 300 | _a621 | ||
| 546 | _aEng. | ||
| 650 |
_aMedical _vViewing the Past , , Excavation |
||
| 942 | _cBK | ||
| 999 |
_c319 _d319 |
||